<?xml version="1.0" encoding="UTF-8"?>
<record
    xmlns:xsi="http://www.w3.org/2001/XMLSchema-instance"
    xsi:schemaLocation="http://www.loc.gov/MARC21/slim http://www.loc.gov/standards/marcxml/schema/MARC21slim.xsd"
    xmlns="http://www.loc.gov/MARC21/slim">

  <leader>02563nam1a22003971  4500</leader>
  <controlfield tag="001">RU\NLR\A1\33114</controlfield>
  <controlfield tag="005">20251203152403.2</controlfield>
  <datafield tag="035" ind1=" " ind2=" ">
    <subfield code="a">(NLR Aleph) 009683255</subfield>
  </datafield>
  <datafield tag="090" ind1=" " ind2=" ">
    <subfield code="a">9709633</subfield>
    <subfield code="c">9709633</subfield>
  </datafield>
  <datafield tag="100" ind1=" " ind2=" ">
    <subfield code="a">20020211d1795    u  y0rusy50      ca</subfield>
  </datafield>
  <datafield tag="101" ind1="1" ind2=" ">
    <subfield code="a">rus</subfield>
    <subfield code="b">ger</subfield>
    <subfield code="c">fre</subfield>
  </datafield>
  <datafield tag="102" ind1=" " ind2=" ">
    <subfield code="a">RU</subfield>
  </datafield>
  <datafield tag="200" ind1="1" ind2=" ">
    <subfield code="a">&#x41F;&#x443;&#x442;&#x435;&#x448;&#x435;&#x441;&#x442;&#x432;&#x438;&#x435; &#x412;&#x43E;&#x43B;&#x43D;&#x435;&#x44F; &#x432; &#x421;&#x438;&#x440;&#x438;&#x44E; &#x438; &#x415;&#x433;&#x438;&#x43F;&#x435;&#x442;, &#x431;&#x44B;&#x432;&#x448;&#x435;&#x435; &#x432; 1783, 1784, 1785 &#x433;&#x43E;&#x434;&#x430;&#x445;,</subfield>
    <subfield code="e">&#x41F;&#x435;&#x440;&#x435;&#x432;&#x435;&#x434;&#x435;&#x43D;&#x43E; &#x441; &#x444;&#x440;&#x430;&#x43D;&#x446;&#x443;&#x437;&#x441;&#x43A;&#x430;&#x433;&#x43E; &#x43D;&#x430; &#x43D;&#x435;&#x43C;&#x435;&#x446;&#x43A;&#x43E;&#x439;, &#x441; &#x43D;&#x435;&#x43C;&#x435;&#x446;&#x43A;&#x430;&#x433;&#x43E; &#x436;&#x435; &#x43D;&#x430; &#x440;&#x43E;&#x441;&#x441;&#x438;&#x439;&#x441;&#x43A;&#x43E;&#x439; &#x44F;&#x437;&#x44B;&#x43A;</subfield>
    <subfield code="e">&#x421; &#x43A;&#x443;&#x43D;&#x448;&#x442;&#x430;&#x43C;&#x438; &#x438; &#x433;&#x435;&#x43E;&#x433;&#x440;&#x430;&#x444;&#x438;&#x447;&#x435;&#x441;&#x43A;&#x438;&#x43C;&#x438; &#x43A;&#x430;&#x440;&#x442;&#x430;&#x43C;&#x438;</subfield>
    <subfield code="f">[&#x41F;&#x435;&#x440;.] &#x41D;.&#x41C;.</subfield>
  </datafield>
  <datafield tag="210" ind1=" " ind2=" ">
    <subfield code="a">&#x41C;.</subfield>
    <subfield code="c">&#x423;&#x43D;&#x438;&#x432;. &#x442;&#x438;&#x43F;., &#x443; &#x420;&#x438;&#x434;&#x438;&#x433;&#x435;&#x440;&#x430; &#x438; &#x41A;&#x43B;&#x430;&#x443;&#x434;&#x438;&#x44F;</subfield>
    <subfield code="d">1795</subfield>
  </datafield>
  <datafield tag="215" ind1=" " ind2=" ">
    <subfield code="d">8&#xB0;</subfield>
  </datafield>
  <datafield tag="305" ind1=" " ind2=" ">
    <subfield code="a">&#x422;&#x438;&#x442;&#x443;&#x43B;. &#x438;&#x437;&#x434;. &#x43A;&#x43D;. 1791-1793 &#x433;&#x433;.</subfield>
  </datafield>
  <datafield tag="314" ind1=" " ind2=" ">
    <subfield code="a">&#x41F;&#x435;&#x440;. &#x41D;&#x438;&#x43A;&#x43E;&#x43B;&#x430;&#x44F; &#x41C;&#x430;&#x440;&#x43A;&#x43E;&#x432;&#x430;</subfield>
  </datafield>
  <datafield tag="321" ind1="1" ind2=" ">
    <subfield code="a">&#x421;&#x41A; XVIII. &#x414;&#x43E;&#x43F;. 25</subfield>
  </datafield>
  <datafield tag="451" ind1=" " ind2="1">
    <subfield code="1">001RU\NLR\A1\2359</subfield>
    <subfield code="1">2001#$a&#x41F;&#x443;&#x442;&#x435;&#x448;&#x435;&#x441;&#x442;&#x432;&#x438;&#x435; &#x412;&#x43E;&#x43B;&#x43D;&#x435;&#x44F; &#x432; &#x421;&#x438;&#x440;&#x438;&#x44E; &#x438; &#x415;&#x433;&#x438;&#x43F;&#x435;&#x442;, &#x431;&#x44B;&#x432;&#x448;&#x435;&#x435; &#x432; 1783, 1784 &#x438; 1785 &#x433;&#x43E;&#x434;&#x430;&#x445;$f&#x41F;&#x435;&#x440;&#x435;&#x432;&#x43E;&#x434; &#x441; &#x43D;&#x435;&#x43C;&#x435;&#x446;&#x43A;&#x430;&#x433;&#x43E; [&#x41D;&#x438;&#x43A;&#x43E;&#x43B;&#x430;&#x44F; &#x41C;&#x430;&#x440;&#x43A;&#x43E;&#x432;&#x430;]$g&#x421;&#x430;&#x43C;&#x44B;&#x439; &#x436;&#x435; &#x43F;&#x43E;&#x434;&#x43B;&#x438;&#x43D;&#x43D;&#x438;&#x43A; &#x43D;&#x430; &#x444;&#x440;&#x430;&#x43D;&#x446;&#x443;&#x437;&#x441;&#x43A;&#x43E;&#x43C; &#x44F;&#x437;&#x44B;&#x43A;&#x435;$g&#x421; &#x43F;&#x440;&#x438;&#x441;&#x43E;&#x432;&#x43E;&#x43A;&#x443;&#x43F;&#x43B;&#x435;&#x43D;&#x438;&#x435;&#x43C; &#x433;&#x435;&#x43E;&#x433;&#x440;&#x430;&#x444;&#x438;&#x447;&#x435;&#x441;&#x43A;&#x438;&#x445; &#x43A;&#x430;&#x440;&#x442; &#x438; &#x43A;&#x443;&#x43D;&#x448;&#x442;&#x43E;&#x432;</subfield>
    <subfield code="1">700#1$6z01700$6z03790$a&#x412;&#x43E;&#x43B;&#x44C;&#x43D;&#x435;&#x439;$b&#x41A;.&#x424;.$f1757-1820$g&#x41A;&#x43E;&#x43D;&#x441;&#x442;&#x430;&#x43D;&#x442;&#x435;&#x43D; &#x424;&#x440;&#x430;&#x43D;&#x441;&#x443;&#x430;$4070</subfield>
    <subfield code="1">700#1$6z01700$aVolney$bC.F.$gConstantin Fran&#xE7;ois</subfield>
    <subfield code="9">9667617</subfield>
    <subfield code="a">&#x412;&#x43E;&#x43B;&#x44C;&#x43D;&#x435;&#x439;, &#x41A;. &#x424;. (1757-1820)</subfield>
    <subfield code="c">&#x41F;&#x435;&#x447;&#x430;&#x442;&#x430;&#x43D;&#x43E; &#x432; &#x41C;&#x43E;&#x441;&#x43A;&#x432;&#x435;</subfield>
    <subfield code="d">1791-1793</subfield>
    <subfield code="f">&#x41F;&#x435;&#x440;&#x435;&#x432;&#x43E;&#x434; &#x441; &#x43D;&#x435;&#x43C;&#x435;&#x446;&#x43A;&#x430;&#x433;&#x43E; [&#x41D;&#x438;&#x43A;&#x43E;&#x43B;&#x430;&#x44F; &#x41C;&#x430;&#x440;&#x43A;&#x43E;&#x432;&#x430;]</subfield>
    <subfield code="n">&#x438;&#x436;&#x434;&#x438;&#x432;&#x435;&#x43D;&#x438;&#x435;&#x43C; &#x41D;&#x438;&#x43A;&#x438;&#x442;&#x44B; &#x412;&#x43E;&#x434;&#x43E;&#x43F;&#x44C;&#x44F;&#x43D;&#x43E;&#x432;&#x430;</subfield>
    <subfield code="t">&#x41F;&#x443;&#x442;&#x435;&#x448;&#x435;&#x441;&#x442;&#x432;&#x438;&#x435; &#x412;&#x43E;&#x43B;&#x43D;&#x435;&#x44F; &#x432; &#x421;&#x438;&#x440;&#x438;&#x44E; &#x438; &#x415;&#x433;&#x438;&#x43F;&#x435;&#x442;, &#x431;&#x44B;&#x432;&#x448;&#x435;&#x435; &#x432; 1783, 1784 &#x438; 1785 &#x433;&#x43E;&#x434;&#x430;&#x445;</subfield>
  </datafield>
  <datafield tag="463" ind1=" " ind2="0">
    <subfield code="1">001RU\NLR\A1\33115</subfield>
    <subfield code="1">2000#$a&#x427;.2</subfield>
    <subfield code="9">13476150</subfield>
    <subfield code="p">IV, 682 &#x441;., 4 &#x43B;. &#x438;&#x43B;., &#x43A;.</subfield>
    <subfield code="t">&#x427;.2</subfield>
  </datafield>
  <datafield tag="620" ind1=" " ind2=" ">
    <subfield code="d">&#x41C;&#x43E;&#x441;&#x43A;&#x432;&#x430;</subfield>
  </datafield>
  <datafield tag="700" ind1=" " ind2="1">
    <subfield code="6">z02790</subfield>
    <subfield code="a">&#x412;&#x43E;&#x43B;&#x44C;&#x43D;&#x435;&#x439;</subfield>
    <subfield code="b">&#x41A;.&#x424;.</subfield>
    <subfield code="f">1757-1820</subfield>
    <subfield code="g">&#x41A;&#x43E;&#x43D;&#x441;&#x442;&#x430;&#x43D;&#x442;&#x435;&#x43D; &#x424;&#x440;&#x430;&#x43D;&#x441;&#x443;&#x430;</subfield>
    <subfield code="4">070</subfield>
  </datafield>
  <datafield tag="700" ind1=" " ind2="1">
    <subfield code="a">Volney</subfield>
    <subfield code="b">C.F.</subfield>
    <subfield code="g">Constantin Fran&#xE7;ois</subfield>
  </datafield>
  <datafield tag="702" ind1=" " ind2="1">
    <subfield code="6">z01790</subfield>
    <subfield code="a">&#x41C;&#x430;&#x440;&#x43A;&#x43E;&#x432;</subfield>
    <subfield code="b">&#x41D;.</subfield>
    <subfield code="g">&#x41D;&#x438;&#x43A;&#x43E;&#x43B;&#x430;&#x439;</subfield>
    <subfield code="4">730</subfield>
  </datafield>
  <datafield tag="702" ind1=" " ind2="1">
    <subfield code="a">&#x420;&#x438;&#x434;&#x438;&#x433;&#x435;&#x440;</subfield>
    <subfield code="b">&#x425;.</subfield>
    <subfield code="g">&#x425;&#x440;&#x438;&#x441;&#x442;&#x438;&#x430;&#x43D;</subfield>
    <subfield code="4">610</subfield>
  </datafield>
  <datafield tag="702" ind1=" " ind2="1">
    <subfield code="a">&#x41A;&#x43B;&#x430;&#x443;&#x434;&#x438;&#x439;</subfield>
    <subfield code="b">&#x425;.&#x410;.</subfield>
    <subfield code="f">-1805</subfield>
    <subfield code="g">&#x425;&#x440;&#x438;&#x441;&#x442;&#x43E;&#x444;&#x43E;&#x440; &#x410;&#x43B;&#x435;&#x43A;&#x441;&#x430;&#x43D;&#x434;&#x440;&#x43E;&#x432;&#x438;&#x447;</subfield>
    <subfield code="4">610</subfield>
  </datafield>
  <datafield tag="712" ind1="0" ind2="2">
    <subfield code="a">&#x41C;&#x43E;&#x441;&#x43A;&#x43E;&#x432;&#x441;&#x43A;&#x438;&#x439; &#x443;&#x43D;&#x438;&#x432;&#x435;&#x440;&#x441;&#x438;&#x442;&#x435;&#x442;</subfield>
    <subfield code="b">&#x422;&#x438;&#x43F;&#x43E;&#x433;&#x440;&#x430;&#x444;&#x438;&#x44F;</subfield>
    <subfield code="4">610</subfield>
  </datafield>
  <datafield tag="790" ind1=" " ind2="0">
    <subfield code="6">z01702</subfield>
    <subfield code="a">&#x41D;.&#x41C;.</subfield>
  </datafield>
  <datafield tag="790" ind1=" " ind2="1">
    <subfield code="6">z02700</subfield>
    <subfield code="a">&#x412;&#x43E;&#x43B;&#x43D;&#x435;&#x439;</subfield>
    <subfield code="4">070</subfield>
  </datafield>
  <datafield tag="801" ind1=" " ind2="0">
    <subfield code="a">RU</subfield>
    <subfield code="b">NLR</subfield>
    <subfield code="c">20020211</subfield>
  </datafield>
  <datafield tag="899" ind1=" " ind2=" ">
    <subfield code="a">&#x420;&#x413;&#x411;</subfield>
  </datafield>
  <datafield tag="899" ind1=" " ind2=" ">
    <subfield code="a">&#x420;&#x413;&#x411;</subfield>
  </datafield>
  <datafield tag="942" ind1=" " ind2=" ">
    <subfield code="c">BOOK</subfield>
  </datafield>
  <datafield tag="980" ind1=" " ind2=" ">
    <subfield code="a">NB</subfield>
  </datafield>
  <datafield tag="980" ind1=" " ind2=" ">
    <subfield code="a">A1XVIIIv</subfield>
  </datafield>
</record>
